000 00478nam a2200181Ia 4500
008 230917s9999||||xx |||||||||||||| ||und||
020 _cRS297
040 _e252318
_aMAIN
041 _aEnglish
082 _a005.73 K13D(20
100 _aKanetkar, Yashavant
245 0 _aData structure through C
250 _a2nd ed.
260 _aDelhi
_bBPB Publications
_c2018
300 _aviii, 647 p.
500 _a3371 20/12/2018 APD19/1089348 17/01/2019 Main Budget
942 _cBK
999 _c29522
_d29522